000 00721nam a22002057a 4500
999 _c16250
_d16250
003 AR-CdUCM
008 190502b ||||| |||| 00| 0 spa d
040 _aMUNICIPALIDAD PROVINCIAL DEL CUSCO
_cBIBLIOTECA MUNICIPAL DEL CUSCO
082 _a891.57 /
_bT68
100 _aTolstoi, León
_99772
245 _aLa Sonata a Kreutzer /
260 _aBarcelona :
_bBruguera,
_c1967.
300 _a166 páginas ;
_c18.5 cm.
505 _aContenido: El hombre y su mundo -- Carácter de la obra que presentamos: La sonata a Kreutzer -- En torno al argumento ...
650 _aNovelas rusas
_92132
650 _aSiglo XIX.
_9971
700 _aBallester Escalas, Rafael
_935587
942 _2ddc
_cLIBROS
945 _aacv
_d2019-05-02